| 000 | 00582cam a22002055a 4500 | ||
|---|---|---|---|
| 001 | L153536 | ||
| 002 | |||
| 008 | 110804s2011 xxk f 000 0 eng d | ||
| 020 | _a9781846611940 | ||
| 035 | _a(Sirsi) u153536 | ||
| 041 | 0 | _aeng | |
| 050 | 0 | 4 | _a346.41066 $2 18 |
| 100 | 1 | _aO'Shea, Eoin | |
| 245 | 0 | 4 | _aThe Bribery Act 2010 A Practical Guide |
| 260 |
_aBristol _bJordan Publishing Ltd _c2011 |
||
| 520 | _aA guide to and analysis of the 2010 legislation. | ||
| 651 | 4 | _aENGLAND AND WALES | |
| 690 | _aMANAGEMENT-BUSINESS MANAGEMENT-PROFESSIONAL PRACTICE | ||
| 942 | _n0 | ||
| 999 |
_c112579 _d112579 |
||